000
00254nam a2200109Ia 4500
008
220216s9999 xx 000 0 und d
100
_a
Thomas V
245
0
_a
Rubber krishi varum kaalangalil
260
_b
Karshakasree
_c
2009
300
_a
45
942
_c
BS
999
_c
48981
_d
48981